Trabajo y marginalidad
Uloženo v:
| Médium: | Kniha |
|---|---|
| Jazyk: | Spanish |
| Tagy: |
Přidat tag
Žádné tagy, Buďte první, kdo vytvoří štítek k tomuto záznamu!
|
MARC
| LEADER | 00000nam a22000007a 4500 | ||
|---|---|---|---|
| 003 | cru CIDCACS/IIS | ||
| 005 | 20190222154447.0 | ||
| 007 | ta | ||
| 008 | 190222s1998 cr b||p|r||||||0| ||spa d | ||
| 999 | |c 42200 |d 42200 | ||
| 040 | |c cru CIDCACS/IIS | ||
| 245 | 0 | |a Trabajo y marginalidad | |
| 300 | |a páginas 12-13 | ||
| 773 | 0 | |0 42196 |9 2676 |a Instituto Centroamericano de Estudios Sociales (Costa Rica) |d San José, Costa Rica: Instituto Centroamericano de Estudios Sociales, 1993- |o 18312 |t Perspectiva Centroamericana y del Caribe/ | |
| 942 | |2 ddc |c PP | ||
